| 000 | 00725nam a22002417i 4500 | ||
|---|---|---|---|
| 003 | URS | ||
| 005 | 20220114152859.0 | ||
| 008 | 171107b xxu||||| |||| 00| 0 eng d | ||
| 020 | _a9789719946113 | ||
| 040 |
_erda _cURSP-College Library _beng |
||
| 050 |
_aDS668 _b959.9 Ag7k 2012 |
||
| 100 | 1 | _aAgoncillo, Teodoro A. | |
| 245 |
_aKasaysayan ng Pilipinas. _cTeodoro A. Agoncillo |
||
| 264 | 1 |
_aQuezon City _bC and E Pub. _c2012. |
|
| 300 |
_axii, 328 pages _billustrations _c23cm |
||
| 336 |
_atext _btxt _2rdacontent |
||
| 337 |
_aunmediated _bn _2rdamedia |
||
| 338 |
_avolume _bnc _2rdacarrier |
||
| 500 | _aIncludes bibliography and index | ||
| 650 | 0 | _aPhilippine history. | |
| 700 | 1 | _aMangahas, Fe B. | |
| 942 |
_cF _2lcc |
||
| 999 |
_c7772 _d7772 |
||